Readings in American politics : (Record no. 13521)
[ view plain ]
| 000 -LEADER | |
|---|---|
| fixed length control field | 00849cam a22002774a 4500 |
| 001 - CONTROL NUMBER | |
| control field | 13521 |
| 003 - CONTROL NUMBER IDENTIFIER | |
| rucl marc code | BD-RjUL |
| 005 - DATE AND TIME OF LATEST TRANSACTION | |
| control field | 20211208235452.0 |
| 008 - FIXED-LENGTH DATA ELEMENTS--GENERAL INFORMATION | |
| fixed length control field | 140201s2010 nyu b 000 0 eng |
| 020 ## - INTERNATIONAL STANDARD BOOK NUMBER | |
| International Standard Book Number | 9780393935080 (pbk.) |
| International Standard Book Number | 0393935086 |
| 035 ## - SYSTEM CONTROL NUMBER | |
| System control number | (OCoLC)ocn475452247 |
| -- | (BD-RjUL) |
| 040 ## - CATALOGING SOURCE | |
| Original cataloging agency | DLC |
| Transcribing agency | DLC |
| Modifying agency | BTCTA |
| -- | BD-RjUL |
| -- | DLC |
| Language of cataloging | eng |
| 041 ## - LANGUAGE CODE | |
| Language code of text/sound track or separate title | eng |
| 082 00 - DEWEY DECIMAL CLASSIFICATION NUMBER | |
| Classification number | 320.473 |
| Edition number | 22 |
| Author mark and year | KOR 2010 |
| 100 1# - MAIN ENTRY--PERSONAL NAME | |
| Personal name | Kollman, Ken. |
| Dates associated with a name | 1966- |
| 9 (RLIN) | 42203 |
| 245 10 - TITLE STATEMENT | |
| Title | Readings in American politics : |
| Remainder of title | analysis and perspectives / |
| Statement of responsibility, etc. | Ken Kollman. |
| 250 ## - EDITION STATEMENT | |
| Edition statement | 1st ed. |
| 260 ## - PUBLICATION, DISTRIBUTION, ETC. (IMPRINT) | |
| Place of publication, distribution, etc. | New York : |
| Name of publisher, distributor, etc. | W.W. Norton & Co., |
| Date of publication, distribution, etc. | c2010. |
| 300 ## - PHYSICAL DESCRIPTION | |
| Pagination | xiii, 658 p. ; |
| Size | 24 cm. |
| 504 ## - BIBLIOGRAPHY, ETC. NOTE | |
| Bibliography, etc | Includes bibliographical references. |
| 651 #0 - SUBJECT ADDED ENTRY--GEOGRAPHIC NAME | |
| Geographic name | United States |
| General subdivision | Politics and government. |
| 9 (RLIN) | 42204 |
| 942 ## - ADDED ENTRY ELEMENTS (KOHA) | |
| Source of classification or shelving scheme | Dewey Decimal Classification |
| Koha item type | Books |
| Lost status | Source of classification or shelving scheme | Damaged status | Not for loan | Collection code | Permanent Location | Current Location | Shelving location | Date acquired | Source of acquisition | Cost, normal purchase price | Total Checkouts | Full call number | Date last seen | Copy number | Koha item type |
|---|---|---|---|---|---|---|---|---|---|---|---|---|---|---|---|
| Dewey Decimal Classification | Not For Loan | Non-fiction | Central Library, University of Rajshahi | Central Library, University of Rajshahi | Reading Room | 07/10/2013 | Asia Foundation | 0.00 | 320.473 KOR 2010 | 01/02/2014 | C-1 | Books | |||
| Dewey Decimal Classification | Non-fiction | Central Library, University of Rajshahi | Central Library, University of Rajshahi | 07/10/2013 | Asia Foundation | 0.00 | 320.473 KOR 2010 | 01/02/2014 | C-2 | Books |